ბათუმის შოთა რუსთაველის სახელმწიფო უნივერსიტეტის ბიბლიოთეკა

Gargling With Jelly (ბიბ.ჩანაწერი № 47602)

000 -LEADER
fixed length control field 00563nam a2200241Ia 4500
001 - CONTROL NUMBER
control field 14471
003 - CONTROL NUMBER IDENTIFIER
control field GE_BSU
008 - FIXED-LENGTH DATA ELEMENTS--GENERAL INFORMATION
fixed length control field 181216s||||||||xx |||||||||||||| ||und||
020 ## - INTERNATIONAL STANDARD BOOK NUMBER
International Standard Book Number 0140319042
040 ## - CATALOGING SOURCE
Transcribing agency GE_BSU
080 ## - UNIVERSAL DECIMAL CLASSIFICATION NUMBER
Universal Decimal Classification number 82-93
100 ## - MAIN ENTRY--PERSONAL NAME
Personal name Patten,Brian
245 ## - TITLE STATEMENT
Title Gargling With Jelly
245 #2 - TITLE STATEMENT
Remainder of title A Collection of Poems
245 ## - TITLE STATEMENT
Statement of responsibility, etc. Illustrated by David Mostyn
260 ## - PUBLICATION, DISTRIBUTION, ETC.
Place of publication, distribution, etc. New York
260 ## - PUBLICATION, DISTRIBUTION, ETC.
Name of publisher, distributor, etc. Puffin books
260 ## - PUBLICATION, DISTRIBUTION, ETC.
Date of publication, distribution, etc. 1985
300 ## - PHYSICAL DESCRIPTION
Extent 125p.20cm.ill.
653 ## - INDEX TERM--UNCONTROLLED
Uncontrolled term A Collection of Poems
653 ## - INDEX TERM--UNCONTROLLED
Uncontrolled term Gargling With Jelly
942 ## - ADDED ENTRY ELEMENTS (KOHA)
Koha item type წიგნი
ეგზემპლარები
Withdrawn status Lost status Damaged status Not for loan Date acquired Barcode Date last seen Price effective from Koha item type
        2018-12-17 37453 2018-12-17 2018-12-17 წიგნი